[Event "XXXIV Mitropa Cup"]
[Site "Mayrhofen AUT"]
[Date "2015.06.14"]
[Round "1.3"]
[White "Moroni, Luca Jr"]
[Black "Heimann, Andreas"]
[WhiteElo "2437"]
[BlackElo "2551"]
[Result "0-1"]
[Annotator "ITA-GER"]
[PlyCount "52"]
[EventDate "2015.06.14"]

1. c4 Nf6 2. Nc3 c5 3. Nf3 d5 4. cxd5 Nxd5 5. g3 Nc6 6. Bg2 Nc7 7. a3 g6 8. Na4
Ne6 9. d3 Bd7 10. Be3 Bg7 11. O-O b6 12. Rb1 Rc8 13. b4 cxb4 14. axb4 Ncd4 15.
Nxd4 Nxd4 16. Bxd4 Bxd4 17. b5 O-O 18. Qb3 Be6 19. Qa3 Rc2 20. Bf3 Bh3 21. Rbc1
Qc7 22. Rfe1 Rc8 23. Bc6 Rxc1 24. Qxc1 a6 25. Qc4 axb5 26. Bxb5 Qb7 0-1

[Event "XXXIV Mitropa Cup"]
[Site "Mayrhofen AUT"]
[Date "2015.06.14"]
[Round "1.4"]
[White "Paehtz, Elisabeth"]
[Black "Basso, Pier Luigi"]
[WhiteElo "2458"]
[BlackElo "2428"]
[Result "1-0"]
[Annotator "ITA-GER"]
[PlyCount "117"]
[EventDate "2015.06.14"]

1. Nf3 d5 2. d4 Nf6 3. c4 c6 4. e3 Bg4 5. cxd5 cxd5 6. Qb3 Qb6 7. Nc3 Qxb3 8.
axb3 Bxf3 9. gxf3 Nc6 10. Bb5 a6 11. e4 Ra7 12. Bd3 e6 13. Be3 Bb4 14. Ke2 O-O
15. Rhg1 Rd8 16. e5 Nh5 17. f4 g6 18. f5 exf5 19. Bxf5 Nf4+ 20. Kf1 Ne6 21. Ne2
Ng7 22. Bg4 Be7 23. Nf4 Bg5 24. Nd3 Be7 25. Nf4 Bg5 26. Ne2 Bxe3 27. fxe3 f6
28. exf6 Ne8 29. Be6+ Kf8 30. f7 Nc7 31. Nf4 Ke7 32. Bh3 Rf8 33. Ke2 Rxf7 34.
Nd3 Ra8 35. Rgf1 Rxf1 36. Rxf1 Rf8 37. Rc1 Rf6 38. Nc5 g5 39. Bc8 b6 40. Nd3
Kd8 41. Bg4 Nb5 42. Ne5 Nba7 43. h3 a5 44. Rd1 Ne7 45. Rf1 Rxf1 46. Kxf1 Ng8
47. Nf7+ Ke7 48. Nxg5 Nf6 49. Bf5 h6 50. Nf3 Nc6 51. Ke2 Nd8 52. Bd3 Nf7 53.
Nh4 Ng5 54. Nf5+ Ke8 55. h4 Nf7 56. Bb5+ Kf8 57. Kf3 Ne4 58. Bc6 Nd2+ 59. Ke2
1-0

[Event "XXXIV Mitropa Cup"]
[Site "Mayrhofen AUT"]
[Date "2015.06.15"]
[Round "2.1"]
[White "Ragger, Markus"]
[Black "David, Alberto"]
[WhiteElo "2676"]
[BlackElo "2571"]
[Result "1-0"]
[Annotator "ITA-AUT"]
[PlyCount "45"]
[EventDate "2015.06.14"]

1. d4 d5 2. c4 c6 3. Nf3 Nf6 4. Nc3 dxc4 5. a4 Na6 6. e4 Bg4 7. Bxc4 Bxf3 8.
gxf3 e6 9. O-O Be7 10. Kh1 O-O 11. Rg1 Kh8 12. f4 Nb4 13. e5 Nfd5 14. Ne4 f5
15. exf6 Bxf6 16. Ra3 Qe8 17. Rh3 Rd8 18. Qg4 Qf7 19. Bd2 a5 20. f5 exf5 21.
Qxf5 Qg8 22. Qg6 Be7 23. Rg5 1-0

[Event "XXXIV Mitropa Cup"]
[Site "Mayrhofen AUT"]
[Date "2015.06.15"]
[Round "2.2"]
[White "Godena, Michele"]
[Black "Shengelia, David"]
[WhiteElo "2509"]
[BlackElo "2573"]
[Result "1/2-1/2"]
[Annotator "ITA-AUT"]
[PlyCount "61"]
[EventDate "2015.06.14"]

1. e4 c6 2. d4 d5 3. Nd2 dxe4 4. Nxe4 Bf5 5. Ng3 Bg6 6. Nh3 e6 7. Nf4 Bd6 8. c3
Nf6 9. Bc4 Qc7 10. Qf3 Nbd7 11. Nxg6 hxg6 12. Bg5 Qa5 13. Be3 Nb6 14. Bd3 Qd5
15. Ne4 Nxe4 16. Bxe4 Qh5 17. Rd1 Nd5 18. Bc1 b5 19. g3 Qxf3 20. Bxf3 a5 21. h4
a4 22. a3 Kd7 23. Kd2 Rae8 24. Kc2 Nb6 25. h5 gxh5 26. Bxh5 g6 27. Bf3 Nd5 28.
Rxh8 Rxh8 29. Rh1 Rxh1 30. Bxh1 f5 31. Kd3 1/2-1/2

[Event "XXXIV Mitropa Cup"]
[Site "Mayrhofen AUT"]
[Date "2015.06.15"]
[Round "2.3"]
[White "Kreisl, Robert"]
[Black "Moroni, Luca Jr"]
[WhiteElo "2441"]
[BlackElo "2437"]
[Result "0-1"]
[Annotator "ITA-AUT"]
[PlyCount "82"]
[EventDate "2015.06.14"]

1. Nf3 d5 2. g3 e6 3. Bg2 Nf6 4. O-O c5 5. c4 dxc4 6. Na3 Nc6 7. Nxc4 Be7 8. b3
O-O 9. Bb2 Nd5 10. d4 b6 11. e4 Nf6 12. d5 exd5 13. exd5 Nxd5 14. Nfe5 Nxe5 15.
Nxe5 Bb7 16. Re1 Bf6 17. Be4 Bxe5 18. Bxe5 f5 19. Bg2 Qd7 20. Qd3 Rad8 21. Rad1
Qf7 22. Rd2 Rd7 23. Red1 Rfd8 24. Qe2 Qe6 25. f4 Nc3 26. Bxc3 Qxe2 27. Rxe2
Rxd1+ 28. Kf2 Bxg2 29. Kxg2 R8d3 30. Rc2 Kf7 31. Kf2 Rxc3 32. Rxc3 Rd2+ 33. Ke3
Rxa2 34. Kd3 Ke6 35. Kc4 Kd6 36. Rd3+ Kc6 37. Re3 Rc2+ 38. Kd3 Rxh2 39. Re7 g6
40. Rxa7 Rh3 41. Kc2 h5 0-1

[Event "XXXIV Mitropa Cup"]
[Site "Mayrhofen AUT"]
[Date "2015.06.15"]
[Round "2.4"]
[White "Lodici, Lorenzo"]
[Black "Schachinger, Mario"]
[WhiteElo "2324"]
[BlackElo "2416"]
[Result "0-1"]
[Annotator "ITA-AUT"]
[PlyCount "106"]
[EventDate "2015.06.14"]

1. f4 g6 2. Nf3 c5 3. g3 Nc6 4. Bg2 Bg7 5. d3 d6 6. O-O e5 7. Nc3 Nge7 8. e4
O-O 9. Be3 Nd4 10. Qd2 exf4 11. Bxf4 Nxf3+ 12. Rxf3 Qb6 13. Rb1 Be6 14. Rff1
Rad8 15. Bg5 Rde8 16. Kh1 Nc6 17. Bf6 Ne5 18. Bxg7 Kxg7 19. b3 Qa5 20. a4 a6
21. Ra1 Rb8 22. Nb1 Qxd2 23. Nxd2 b5 24. axb5 axb5 25. Ra6 Rfd8 26. h3 Bc8 27.
Ra7 Bb7 28. Ra5 b4 29. Nf3 Nc6 30. Rb5 Ba6 31. Rxb8 Rxb8 32. Kg1 Bb7 33. Ra1 h6
34. Kf2 Re8 35. g4 Kf6 36. Bf1 Ra8 37. Rxa8 Bxa8 38. Ke3 Ne5 39. Nxe5 Kxe5 40.
Be2 d5 41. Bf3 dxe4 42. dxe4 Bc6 43. h4 f6 44. Bg2 f5 45. h5 f4+ 46. Kd3 Bb5+
47. Kd2 g5 48. Bf3 Kd4 49. e5 Bd7 50. Be2 Be6 51. Bc4 Bxc4 52. bxc4 Kxe5 53.
Kd3 f3 0-1

[Event "XXXIV Mitropa Cup"]
[Site "Mayrhofen AUT"]
[Date "2015.06.16"]
[Round "3.1"]
[White "David, Alberto"]
[Black "Borisek, Jure"]
[WhiteElo "2571"]
[BlackElo "2571"]
[Result "1-0"]
[Annotator "ITA-SLO"]
[PlyCount "115"]
[EventDate "2015.06.14"]

1. e4 e5 2. Nf3 Nc6 3. Bb5 Nf6 4. Nc3 Bb4 5. O-O O-O 6. d3 d6 7. Ne2 Ne7 8. c3
Ba5 9. Ng3 c6 10. Ba4 Ng6 11. d4 Bb6 12. Be3 d5 13. Nxe5 Nxe5 14. dxe5 Nxe4 15.
Nxe4 dxe4 16. Re1 Bf5 17. Bc2 Re8 18. Qxd8 Raxd8 19. Bxb6 axb6 20. Bxe4 Bxe4
21. Rxe4 Rd2 22. Rb4 Rxe5 23. Rxb6 Rb5 24. Rxb5 cxb5 25. b3 g6 26. g3 Rc2 27.
Rd1 Rxc3 28. Rd5 Rc2 29. Rxb5 Rxa2 30. Rxb7 Rb2 31. g4 g5 32. Rb5 h6 33. Kg2
Kg7 34. Rb6 f6 35. Kg3 Kg6 36. f3 h5 37. h4 hxg4 38. Kxg4 gxh4 39. Kxh4 Kf5 40.
Kg3 Kg5 41. Rb5+ f5 42. Rb8 Rb1 43. f4+ Kh5 44. Rb5 Rg1+ 45. Kf2 Rb1 46. Rxf5+
Kg4 47. Rb5 Kxf4 48. Ke2 Ke4 49. Kd2 Kd4 50. Kc2 Rh1 51. Kb2 Rg1 52. Ka3 Ra1+
53. Kb4 Rb1 54. Rb6 Ra1 55. Rd6+ Ke5 56. Rd8 Ra7 57. Kc5 Ke6 58. b4 1-0

[Event "XXXIV Mitropa Cup"]
[Site "Mayrhofen AUT"]
[Date "2015.06.16"]
[Round "3.2"]
[White "Sebenik, Matej"]
[Black "Godena, Michele"]
[WhiteElo "2512"]
[BlackElo "2509"]
[Result "1/2-1/2"]
[Annotator "ITA-SLO"]
[PlyCount "69"]
[EventDate "2015.06.14"]

1. Nf3 d5 2. g3 Nc6 3. d4 Bf5 4. Bg2 Nb4 5. Na3 c6 6. c3 Na6 7. Nh4 Be6 8. O-O
g6 9. e4 dxe4 10. Bxe4 Nf6 11. Bf3 Bg7 12. Ng2 Bd5 13. Be2 Nc7 14. Nf4 Be4 15.
g4 b5 16. f3 Bd5 17. Nc2 O-O 18. Nb4 a5 19. Nfxd5 cxd5 20. Nd3 Nd7 21. Be3 e5
22. dxe5 Nxe5 23. Nxe5 Bxe5 24. f4 Bf6 25. Bf3 Re8 26. Qd3 b4 27. Rad1 bxc3 28.
bxc3 Qd6 29. c4 Qe6 30. cxd5 Qxe3+ 31. Qxe3 Rxe3 32. d6 Ra7 33. g5 Bd8 34. dxc7
Bxc7 35. Bd5 1/2-1/2

[Event "XXXIV Mitropa Cup"]
[Site "Mayrhofen AUT"]
[Date "2015.06.16"]
[Round "3.3"]
[White "Moroni, Luca Jr"]
[Black "Markoja, Boris"]
[WhiteElo "2437"]
[BlackElo "2372"]
[Result "1-0"]
[Annotator "ITA-SLO"]
[PlyCount "163"]
[EventDate "2015.06.14"]

1. Nf3 Nf6 2. g3 g6 3. Bg2 Bg7 4. O-O O-O 5. d4 d6 6. Nc3 Nbd7 7. e4 e5 8. h3
Re8 9. Re1 c6 10. a4 exd4 11. Nxd4 a5 12. Nb3 Qc7 13. Be3 b6 14. Kh2 Ba6 15. f4
Nc5 16. Bd4 Rad8 17. Qd2 Bc4 18. Qe3 Bxb3 19. cxb3 Rb8 20. Rac1 Qd7 21. Rcd1
Qe6 22. e5 dxe5 23. Bxe5 Nfd7 24. Bxb8 Qxe3 25. Rxe3 Rxe3 26. Bd6 Nd3 27. Bc7
Nxb2 28. Rxd7 Bxc3 29. Bxc6 Re2+ 30. Kh1 Re1+ 31. Kg2 Nd1 32. Bxb6 Re6 33. Rxd1
Rxc6 34. Bd8 Bb4 35. Rd3 h6 36. Kf3 Kf8 37. g4 f6 38. f5 gxf5 39. gxf5 h5 40.
Re3 Kf7 41. Rd3 Rc1 42. Bb6 Rf1+ 43. Ke4 Re1+ 44. Re3 Rf1 45. Bd4 Rc1 46. Kd5
Rf1 47. Ke4 Rc1 48. Rf3 Rb1 49. Kd5 Rc1 50. Rf4 Rb1 51. Kc4 Rc1+ 52. Kb5 Rb1
53. Rf3 Rd1 54. Kc4 h4 55. Rf4 Rc1+ 56. Kb5 Rb1 57. Rf3 Rd1 58. Kc4 Rc1+ 59.
Kb5 Rd1 60. Bb6 Rd5+ 61. Kc4 Re5 62. Rf4 Be1 63. Rf3 Re4+ 64. Kb5 Re5+ 65. Ka6
Rd5 66. Kb7 Re5 67. Kc6 Re4 68. Kd5 Re5+ 69. Kc4 Bb4 70. Bf2 Be1 71. Bd4 Re2
72. Bb6 Bb4 73. Bf2 Be1 74. Bxe1 Rxe1 75. Rf4 Re5 76. b4 axb4 77. Kxb4 Ke7 78.
Rd4 Rxf5 79. a5 Rf1 80. a6 f5 81. Kb5 Rb1+ 82. Rb4 1-0

[Event "XXXIV Mitropa Cup"]
[Site "Mayrhofen AUT"]
[Date "2015.06.16"]
[Round "3.4"]
[White "Spalir, Jernej"]
[Black "Basso, Pier Luigi"]
[WhiteElo "2361"]
[BlackElo "2428"]
[Result "0-1"]
[Annotator "ITA-SLO"]
[PlyCount "84"]
[EventDate "2015.06.14"]

1. e4 e5 2. Nf3 Nc6 3. Bc4 Bc5 4. c3 Nf6 5. d3 O-O 6. O-O d5 7. exd5 Nxd5 8.
Bb5 Nde7 9. h3 a6 10. Ba4 Bf5 11. Re1 Qd6 12. Bxc6 Nxc6 13. Be3 Rad8 14. d4
exd4 15. cxd4 Nxd4 16. Nxd4 Bxd4 17. Bxd4 Qxd4 18. Qc1 Rd6 19. Nc3 Qh4 20. Qe3
Qb4 21. Qe5 Qxb2 22. Qxf5 Qxc3 23. Rec1 Qd4 24. Rab1 Rf6 25. Qc2 Rc6 26. Qe2
Rxc1+ 27. Rxc1 Qd6 28. a4 a5 29. Qb5 b6 30. Rc6 Qe7 31. Qc4 Qe1+ 32. Kh2 Qxf2
33. Rxc7 h6 34. Qe4 Rd8 35. Rc2 Qd4 36. Qe7 Qd6+ 37. Qxd6 Rxd6 38. Rc8+ Kh7 39.
Rb8 Kg6 40. Kg3 Rd3+ 41. Kf4 Rd4+ 42. Kf3 Rb4 0-1

[Event "XXXIV Mitropa Cup"]
[Site "Mayrhofen AUT"]
[Date "2015.06.17"]
[Round "4.1"]
[White "Babula, Vlastimil"]
[Black "David, Alberto"]
[WhiteElo "2552"]
[BlackElo "2571"]
[Result "1/2-1/2"]
[Annotator "ITA-CZE"]
[PlyCount "63"]
[EventDate "2015.06.14"]

1. d4 Nf6 2. c4 e6 3. Nf3 d5 4. Nc3 Be7 5. Bf4 O-O 6. e3 Nbd7 7. Qc2 c6 8. Bd3
dxc4 9. Bxc4 b5 10. Bd3 Bb7 11. O-O Rc8 12. Rfd1 h6 13. Ne5 Qb6 14. a4 a6 15.
Nxd7 Nxd7 16. Qe2 Nf6 17. Be5 Nd7 18. Bg3 Rfd8 19. h3 Nf6 20. Be5 Nd7 21. Bg3
Nf6 22. Bh4 c5 23. axb5 axb5 24. dxc5 Rxc5 25. Bxb5 g5 26. Rxd8+ Bxd8 27. Bg3
Nd5 28. Be8 Nxc3 29. bxc3 Kf8 30. Ba4 Bc7 31. Bxc7 Qxc7 32. Qb2 1/2-1/2

[Event "XXXIV Mitropa Cup"]
[Site "Mayrhofen AUT"]
[Date "2015.06.17"]
[Round "4.2"]
[White "Godena, Michele"]
[Black "Kriebel, Tadeas"]
[WhiteElo "2509"]
[BlackElo "2459"]
[Result "1/2-1/2"]
[Annotator "ITA-CZE"]
[PlyCount "61"]
[EventDate "2015.06.14"]

1. e4 c5 2. c3 Nf6 3. e5 Nd5 4. Nf3 Nc6 5. d4 cxd4 6. cxd4 d6 7. Bc4 Nb6 8. Bb5
Bd7 9. Nc3 dxe5 10. dxe5 g6 11. O-O Bg7 12. Qe2 O-O 13. Rd1 Qc7 14. a4 Nxe5 15.
Bxd7 Nxf3+ 16. Qxf3 Nxd7 17. Nd5 Qe5 18. Bf4 Qxb2 19. Rab1 Qa2 20. Rxb7 Nc5 21.
Rxe7 Ne6 22. Nc7 Nxc7 23. Rxc7 Qxa4 24. Be3 Qb3 25. Rxa7 Rxa7 26. Bxa7 Qxf3 27.
gxf3 Re8 28. Be3 Bf6 29. Kg2 Kg7 30. Bd4 Bxd4 31. Rxd4 1/2-1/2

[Event "XXXIV Mitropa Cup"]
[Site "Mayrhofen AUT"]
[Date "2015.06.17"]
[Round "4.3"]
[White "Kociscak, Jiri"]
[Black "Moroni, Luca Jr"]
[WhiteElo "2474"]
[BlackElo "2437"]
[Result "1-0"]
[Annotator "ITA-CZE"]
[PlyCount "79"]
[EventDate "2015.06.14"]

1. d4 d5 2. c4 e6 3. Nc3 a6 4. Nf3 dxc4 5. e3 b5 6. a4 b4 7. Nb1 Nf6 8. Nbd2 c3
9. Nc4 cxb2 10. Bxb2 Bb7 11. Bd3 c5 12. a5 Nbd7 13. Qa4 Qc7 14. Nce5 Bd6 15.
dxc5 Bxe5 16. Nxe5 O-O 17. Nxd7 Nxd7 18. Qxb4 Nxc5 19. Bc2 Rab8 20. Qc3 f5 21.
O-O Rfc8 22. Qe5 Bxg2 23. Qxc7 Rxc7 24. Rfb1 Bd5 25. Be5 Rxb1+ 26. Rxb1 Rb7 27.
Bd4 Rxb1+ 28. Bxb1 Nb3 29. Bc3 Kf7 30. Bd3 Nc5 31. Be2 Bb7 32. f3 g5 33. Kf2 h5
34. Bd4 Nb3 35. Bc3 Nc5 36. Bd4 Nd7 37. f4 Kg6 38. Kg3 Nf6 39. fxg5 Ne4+ 40.
Kh4 1-0

[Event "XXXIV Mitropa Cup"]
[Site "Mayrhofen AUT"]
[Date "2015.06.17"]
[Round "4.4"]
[White "Basso, Pier Luigi"]
[Black "Rojicek, Vojtech"]
[WhiteElo "2428"]
[BlackElo "2414"]
[Result "1/2-1/2"]
[Annotator "ITA-CZE"]
[PlyCount "90"]
[EventDate "2015.06.14"]

1. d4 Nf6 2. c4 d6 3. Nf3 g6 4. g3 Bg7 5. Bg2 O-O 6. Nc3 Nbd7 7. O-O e5 8. e4
c6 9. h3 Qb6 10. d5 Nc5 11. Ne1 cxd5 12. cxd5 Bd7 13. Nd3 Nxd3 14. Qxd3 Rfc8
15. Rb1 a5 16. Be3 Qa6 17. Qxa6 Rxa6 18. Rfc1 Raa8 19. a4 Ne8 20. b4 axb4 21.
Rxb4 Rc7 22. g4 Bf6 23. Bf3 Rac8 24. Ne2 Bd8 25. Rxc7 Bxc7 26. Nc1 Rb8 27. Bd1
b5 28. axb5 Rxb5 29. Ra4 Bb6 30. Bxb6 Rxb6 31. Ra1 f5 32. exf5 gxf5 33. g5 Rb7
34. f4 Bb5 35. Ra8 Kg7 36. Rd8 Kf8 37. Be2 Bxe2 38. Nxe2 Ke7 39. Ra8 Nc7 40.
Rh8 Rb1+ 41. Kf2 Nxd5 42. Rxh7+ Ke6 43. Rh6+ Ke7 44. Rh7+ Ke6 45. Rh6+ Ke7
1/2-1/2

[Event "XXXIV Mitropa Cup"]
[Site "Mayrhofen AUT"]
[Date "2015.06.18"]
[Round "5.1"]
[White "David, Alberto"]
[Black "Saric, Ante"]
[WhiteElo "2571"]
[BlackElo "2580"]
[Result "1/2-1/2"]
[Annotator "ITA-CRO"]
[PlyCount "44"]
[EventDate "2015.06.14"]

1. e4 c5 2. Nf3 e6 3. d4 cxd4 4. Nxd4 a6 5. c4 Nf6 6. Nc3 Qc7 7. a3 b6 8. Be2
Bb7 9. f3 Be7 10. Be3 O-O 11. Qd2 d6 12. O-O Nbd7 13. Rfc1 Rfc8 14. b4 Qd8 15.
Rab1 h5 16. Na4 h4 17. Nb3 Bc6 18. Nb2 Ne5 19. Nd4 Bd7 20. Nb3 Bc6 21. Nd4 Bd7
22. Nb3 Bc6 1/2-1/2

[Event "XXXIV Mitropa Cup"]
[Site "Mayrhofen AUT"]
[Date "2015.06.18"]
[Round "5.2"]
[White "Bosiocic, Marin"]
[Black "Godena, Michele"]
[WhiteElo "2558"]
[BlackElo "2509"]
[Result "1-0"]
[Annotator "ITA-CRO"]
[PlyCount "101"]
[EventDate "2015.06.14"]

1. e4 e5 2. Nf3 Nc6 3. Bb5 a6 4. Ba4 Nf6 5. O-O b5 6. Bb3 Bc5 7. c3 d6 8. a4
Rb8 9. d4 Bb6 10. axb5 axb5 11. Na3 O-O 12. Nxb5 Bg4 13. Bc2 Bxf3 14. gxf3 Nh5
15. f4 Nxf4 16. Bxf4 exf4 17. Qg4 Qf6 18. Kh1 g6 19. b4 Nd8 20. Ra6 Ne6 21. Bb3
h5 22. Qh3 Ra8 23. Rxa8 Rxa8 24. Bd5 Rb8 25. Rg1 Kf8 26. Qd3 Nd8 27. Bb3 c6 28.
Na3 Bc7 29. Nc4 Ne6 30. Ba4 d5 31. Nd2 Nxd4 32. cxd4 Rxb4 33. e5 Qh4 34. Qa3 c5
35. dxc5 f3 36. Bd7 Qxf2 37. Qxb4 Bxe5 38. c6+ Kg7 39. Nf1 Bd4 40. Ne3 Qxe3 41.
Qe1 Qd3 42. Qd1 Qe4 43. Bf5 Qf4 44. Rg3 f2 45. Bd3 h4 46. Rg4 Qe3 47. Bf1 Bb6
48. Qxd5 h3 49. Rg3 Qe1 50. Qc4 Bc7 51. Rf3 1-0

[Event "XXXIV Mitropa Cup"]
[Site "Mayrhofen AUT"]
[Date "2015.06.18"]
[Round "5.3"]
[White "Basso, Pier Luigi"]
[Black "Martinovic, Sasa"]
[WhiteElo "2428"]
[BlackElo "2542"]
[Result "1-0"]
[Annotator "ITA-CRO"]
[PlyCount "85"]
[EventDate "2015.06.14"]

1. d4 d5 2. Nf3 Nf6 3. c4 c6 4. Nbd2 Bf5 5. Nh4 Be6 6. e3 g6 7. Be2 Bg7 8. O-O
O-O 9. Nhf3 h6 10. b3 Nbd7 11. Bb2 Qb6 12. c5 Qc7 13. b4 Ne4 14. Nxe4 dxe4 15.
Nd2 Bd5 16. Qc2 f5 17. f3 exf3 18. gxf3 e5 19. e4 Bf7 20. exf5 gxf5 21. Qxf5
Bd5 22. Qg6 Rf6 23. Qg3 Rf5 24. h4 Kh8 25. Bd3 Rf4 26. dxe5 Rxb4 27. Bc3 Rg8
28. Bg6 Bxe5 29. Rae1 Bxc3 30. Qxc7 Rxg6+ 31. Kf2 Bd4+ 32. Ke2 Nxc5 33. Kd1
Bxa2 34. Re8+ Bg8 35. h5 Rg2 36. Qd6 Kg7 37. Re2 Rg5 38. f4 Rg3 39. Re7+ Bf7
40. f5 Rg2 41. f6+ Kh8 42. Re8+ Kh7 43. Qe7 1-0

[Event "XXXIV Mitropa Cup"]
[Site "Mayrhofen AUT"]
[Date "2015.06.18"]
[Round "5.4"]
[White "Jovanovic, Zoran"]
[Black "Lodici, Lorenzo"]
[WhiteElo "2520"]
[BlackElo "2324"]
[Result "1/2-1/2"]
[Annotator "ITA-CRO"]
[PlyCount "122"]
[EventDate "2015.06.14"]

1. e4 c5 2. Nc3 Nc6 3. Bb5 Nd4 4. Nf3 Nxb5 5. Nxb5 a6 6. Nc3 e6 7. d4 b5 8. O-O
Bb7 9. Re1 Nf6 10. d5 Qb6 11. Bf4 Be7 12. a4 O-O 13. a5 Qa7 14. Bg5 Bd8 15. Ne5
d6 16. Bxf6 Bxf6 17. Nd7 Bxc3 18. bxc3 Rfe8 19. Qg4 Kh8 20. Nb6 Rad8 21. Qf4
Kg8 22. Re3 exd5 23. exd5 Qb8 24. Rae1 Re5 25. Rxe5 dxe5 26. Qxe5 Qxe5 27. Rxe5
f6 28. Re1 Kf7 29. f3 Bxd5 30. Rd1 Ke6 31. c4 bxc4 32. Nxc4 Rb8 33. Nb6 Bc6 34.
Rd3 g6 35. Kf2 Ke7 36. Ke3 Rd8 37. Rc3 Kd6 38. Rd3+ Kc7 39. Rxd8 Kxd8 40. Kd3
Bb5+ 41. c4 Bc6 42. Nd5 f5 43. Nf4 Ke7 44. h4 Kf6 45. Ke3 Be8 46. Nd3 Bf7 47.
Nxc5 Bxc4 48. f4 Bf1 49. Kd4 Bxg2 50. Nxa6 h6 51. Ke3 Ke6 52. Nc5+ Kf6 53. a6
g5 54. h5 gxf4+ 55. Kxf4 Ke7 56. Ke5 Kd8 57. Kxf5 Kc7 58. Kg6 Kb6 59. Nd7+ Kxa6
60. Ne5 Bf1 61. Kxh6 Be2 1/2-1/2

[Event "XXXIV Mitropa Cup"]
[Site "Mayrhofen AUT"]
[Date "2015.06.19"]
[Round "6.1"]
[White "Bailet, Pierre"]
[Black "David, Alberto"]
[WhiteElo "2518"]
[BlackElo "2571"]
[Result "1/2-1/2"]
[Annotator "ITA-FRA"]
[PlyCount "65"]
[EventDate "2015.06.14"]

1. d4 Nf6 2. c4 e6 3. Nf3 b6 4. g3 Bb7 5. Bg2 Be7 6. O-O O-O 7. Re1 Qc8 8. Bg5
Re8 9. Nc3 h6 10. Bxf6 Bxf6 11. e4 d6 12. e5 dxe5 13. Nxe5 Bxe5 14. dxe5 Bxg2
15. Kxg2 Nc6 16. Qf3 Nd4 17. Qe4 c5 18. Nb5 Nxb5 19. cxb5 a6 20. bxa6 Rxa6 21.
a3 b5 22. Rad1 Ra4 23. Qf3 Rd4 24. b4 Red8 25. bxc5 Qxc5 26. Rxd4 Rxd4 27. Qa8+
Kh7 28. Re3 Rd5 29. Qb7 Rxe5 30. Rxe5 Qxe5 31. Qxf7 Qe4+ 32. Qf3 Qc4 33. h4
1/2-1/2

[Event "XXXIV Mitropa Cup"]
[Site "Mayrhofen AUT"]
[Date "2015.06.19"]
[Round "6.2"]
[White "Moroni, Luca Jr"]
[Black "Dourerassou, Jonathan"]
[WhiteElo "2437"]
[BlackElo "2415"]
[Result "1-0"]
[Annotator "ITA-FRA"]
[PlyCount "143"]
[EventDate "2015.06.14"]

1. c4 c5 2. Nf3 Nf6 3. Nc3 d5 4. cxd5 Nxd5 5. g3 Nc6 6. Bg2 Nc7 7. a3 g6 8. h4
h6 9. d3 Bg7 10. Be3 Ne6 11. O-O O-O 12. Na4 Qd6 13. Rc1 Ncd4 14. Nxd4 cxd4 15.
Bd2 Rb8 16. Bb4 Qd8 17. Nc5 a5 18. Nxe6 Bxe6 19. Bd2 Bd5 20. Qa4 Bxg2 21. Kxg2
Qd5+ 22. Kg1 b6 23. Qc6 Qf5 24. Bf4 e5 25. Bd2 Rfe8 26. Qb5 Qg4 27. Rfe1 Bf6
28. Bxh6 Bxh4 29. Kg2 Re6 30. Rh1 g5 31. Qd7 Qh5 32. Rc8+ Rxc8 33. Qxc8+ Kh7
34. Bxg5 Qxg5 35. Rxh4+ Kg6 36. Rh8 Kf6 37. Qf8 e4 38. Qd8+ Kf5 39. Qd5+ Kf6
40. Qxd4+ Qe5 41. Rh6+ Kg7 42. Qxe5+ Rxe5 43. Rxb6 exd3 44. exd3 Rd5 45. Rb3
Kf6 46. f4 a4 47. Rc3 Rb5 48. Rc2 Rb3 49. Rd2 Ke6 50. Kf3 Kd5 51. Ke3 f5 52.
Rc2 Rb7 53. Rc4 Rxb2 54. Rxa4 Rg2 55. Ra5+ Ke6 56. Kd4 Rxg3 57. Ra6+ Kf7 58.
Ke5 Rxd3 59. a4 Rc3 60. Kxf5 Rc5+ 61. Kg4 Rc4 62. a5 Rc5 63. Ra8 Kf6 64. a6 Ra5
65. a7 Kg7 66. f5 Ra4+ 67. Kf3 Ra6 68. Ke3 Ra3+ 69. Kd4 Ra4+ 70. Kc3 Ra3+ 71.
Kb2 Ra6 72. f6+ 1-0

[Event "XXXIV Mitropa Cup"]
[Site "Mayrhofen AUT"]
[Date "2015.06.19"]
[Round "6.3"]
[White "Barbot, Pierre"]
[Black "Basso, Pier Luigi"]
[WhiteElo "2463"]
[BlackElo "2428"]
[Result "0-1"]
[Annotator "ITA-FRA"]
[PlyCount "46"]
[EventDate "2015.06.14"]

1. d4 d5 2. c4 c6 3. cxd5 cxd5 4. Nc3 Nf6 5. Bf4 Nc6 6. e3 Bg4 7. Qb3 Na5 8.
Qa4+ Bd7 9. Qc2 e6 10. Nf3 Nh5 11. Be5 f6 12. Bg3 Rc8 13. Bd3 Bb4 14. Bxh7 Nc4
15. Bg6+ Kf8 16. Bxh5 Nxb2 17. O-O Bxc3 18. Bd6+ Kg8 19. Qg6 Rxh5 20. Qxh5 Be8
21. Qh3 Qxd6 22. Rab1 Bg6 23. Rbc1 Bd3 0-1

[Event "XXXIV Mitropa Cup"]
[Site "Mayrhofen AUT"]
[Date "2015.06.19"]
[Round "6.4"]
[White "Lodici, Lorenzo"]
[Black "Di Nicolantonio, Lucas"]
[WhiteElo "2324"]
[BlackElo "2417"]
[Result "0-1"]
[Annotator "ITA-FRA"]
[PlyCount "124"]
[EventDate "2015.06.14"]

1. d4 d6 2. e4 Nf6 3. Nc3 g6 4. Nf3 Bg7 5. Be2 O-O 6. O-O Bg4 7. Ng5 Bxe2 8.
Qxe2 e6 9. Nf3 Nc6 10. Rd1 Qe8 11. h3 h6 12. Nb5 Qe7 13. e5 dxe5 14. dxe5 Nd7
15. Bf4 Rad8 16. Nbd4 Nxd4 17. Rxd4 Nb6 18. Rad1 Rd5 19. c4 Rxd4 20. Rxd4 Rd8
21. Qd3 Rxd4 22. Qxd4 Qd7 23. Qxd7 Nxd7 24. b3 g5 25. Bh2 Nc5 26. Ne1 a5 27. f3
a4 28. b4 Nd7 29. Nd3 Nb6 30. c5 Nd5 31. Kf2 a3 32. Ke2 Kf8 33. Kd2 f6 34. exf6
Bxf6 35. Kc2 c6 36. Kb3 Ne3 37. g4 Ke8 38. Bg1 Nf1 39. Kxa3 Nd2 40. f4 gxf4 41.
Nxf4 e5 42. Nh5 Bg5 43. Ng7+ Kd7 44. Kb2 e4 45. Nf5 e3 46. Nd4 Bf6 47. Kc3 Ne4+
48. Kd3 Bxd4 49. Bxe3 Bxe3 50. Kxe3 Nc3 51. a3 Ke6 52. Kd3 Nd1 53. Ke2 Nb2 54.
h4 Nc4 55. a4 Ne5 56. g5 h5 57. Ke3 Kd5 58. Kf4 Ng6+ 59. Kf5 Nxh4+ 60. Kf6 Kc4
61. Kg7 Nf3 62. Kh6 Nxg5 0-1

[Event "XXXIV Mitropa Cup"]
[Site "Mayrhofen AUT"]
[Date "2015.06.20"]
[Round "7.1"]
[White "David, Alberto"]
[Black "Pelletier, Yannick"]
[WhiteElo "2571"]
[BlackElo "2563"]
[Result "1-0"]
[Annotator "ITA-SUI"]
[PlyCount "79"]
[EventDate "2015.06.14"]

1. e4 e6 2. d4 d5 3. Nc3 dxe4 4. Nxe4 Nd7 5. Nf3 Ngf6 6. Bd3 c5 7. O-O Nxe4 8.
Bxe4 Nf6 9. Bg5 Qc7 10. Qe2 Nxe4 11. Qxe4 cxd4 12. Rad1 f6 13. Bh4 Bc5 14. Nxd4
Bxd4 15. Rxd4 e5 16. f4 Be6 17. fxe5 Qxe5 18. Qxe5 fxe5 19. Re4 Rf8 20. Rfe1
Kd7 21. Rxe5 Rae8 22. Rc5 Rc8 23. Rd1+ Ke8 24. Rxc8+ Bxc8 25. Re1+ Kf7 26. Re7+
Kg6 27. Rc7 Bf5 28. Rxb7 Rf7 29. Be7 Bxc2 30. Rxa7 Bd3 31. h3 Rf1+ 32. Kh2 Rf2
33. Bc5 Rxb2 34. Bd4 Rd2 35. Rxg7+ Kf5 36. Rxh7 Be4 37. Rh5+ Kf4 38. Be5+ Ke3
39. Rg5 Rxa2 40. Rg3+ 1-0

[Event "XXXIV Mitropa Cup"]
[Site "Mayrhofen AUT"]
[Date "2015.06.20"]
[Round "7.2"]
[White "Loetscher, Roland"]
[Black "Godena, Michele"]
[WhiteElo "2448"]
[BlackElo "2509"]
[Result "0-1"]
[Annotator "ITA-SUI"]
[PlyCount "181"]
[EventDate "2015.06.14"]

1. d4 d5 2. c4 c6 3. Nf3 Nf6 4. e3 a6 5. Nc3 e6 6. b3 Bb4 7. Bd2 Nbd7 8. Bd3
O-O 9. O-O Bd6 10. e4 dxc4 11. bxc4 e5 12. d5 Nc5 13. Qe2 cxd5 14. cxd5 b5 15.
Bc2 Bd7 16. Rfb1 Rb8 17. a3 h6 18. Ne1 Qe7 19. Nd3 Nxd3 20. Qxd3 Rfc8 21. Ne2
Bc5 22. h3 Bxf2+ 23. Kxf2 Qc5+ 24. Nd4 exd4 25. Rb2 Re8 26. Re1 Rxe4 27. Rxe4
Nxe4+ 28. Qxe4 d3+ 29. Qe3 Qxe3+ 30. Kxe3 dxc2 31. Rxc2 Re8+ 32. Kf2 Re5 33. d6
Rd5 34. Bb4 a5 35. Bxa5 Rxd6 36. Bb4 Rf6+ 37. Kg1 Bc6 38. Rf2 Rg6 39. Kh2 f5
40. g3 Be4 41. Re2 Re6 42. h4 Kf7 43. Rd2 Bc6 44. Rc2 g5 45. hxg5 hxg5 46. Kg1
Kg6 47. Rc5 Be8 48. Kf2 Re4 49. Rd5 Rc4 50. Re5 Bc6 51. Rc5 f4 52. gxf4 gxf4
53. Re5 Kf6 54. Rc5 Ke6 55. Ke2 Re4+ 56. Kf2 Rc4 57. Ke2 f3+ 58. Kf2 Kd7 59.
Kg3 Re4 60. Rc2 Re6 61. Rd2+ Kc7 62. Kf2 Rg6 63. Ke3 Re6+ 64. Kf2 Kb7 65. Kg3
Rg6+ 66. Kf2 Rh6 67. Kg3 Kc7 68. Ba5+ Kc8 69. Bb4 Kc7 70. Ba5+ Kc8 71. Bb4 Rg6+
72. Kf2 Rg5 73. Ke3 Rf5 74. Kf2 Bd5 75. Rc2+ Kd7 76. Rd2 Ke6 77. Ke3 Re5+ 78.
Kf2 Re4 79. Kg3 Rc4 80. Rh2 Bc6 81. Rd2 Kf5 82. Kf2 Kg4 83. Bd6 Kf5 84. Bb4 Ke4
85. Bf8 Bd5 86. Rb2 Rc1 87. Bb4 Rh1 88. Rd2 Bc4 89. Bc5 Bd3 90. Kg3 Rh5 91. Bb4
$138 0-1